Cantoni della Svizzera - Statistics

Statistiche generali
  • Questo quiz è stato fatto 104 volte
  • Il punteggio medio è 22 su 26
Statistiche sulle risposte
Superficie (km²) Popolazione (ab.) Capitale Cantone % Corretto
5 959 992 617 Berna Berna
96%
282 474 169 Ginevra Ginevra
96%
1 729 1 406 083 Zurigo Zurigo
96%
2 812 341 652 Bellinzona Ticino
95%
2 026 486 981 San Gallo San Gallo
94%
7 105 193 920 Coira Grigioni
93%
1 493 386 082 Lucerna Lucerna
93%
1 671 291 395 Friburgo Friburgo
88%
239 116 559 Zugo Zugo
88%
1 077 35 693 Altdorf Uri
87%
908 149 830 Svitto Svitto
85%
37 194 090 Basilea Basilea Città
84%
803 174 554 Neuchâtel Neuchâtel
84%
298 77 955 Sciaffusa Sciaffusa
84%
5 224 321 732 Sion Vallese
83%
685 39 369 Glarona Glarona
82%
518 277 973 Liestal Basilea Campagna
80%
791 259 836 Soletta Soletta
80%
243 53 438 Herisau Appenzello Esterno
79%
173 15 717 Appenzello Appenzello Interno
79%
3 212 734 356 Losanna Vaud
78%
1 404 627 893 Aarau Argovia
72%
838 70 942 Delémont Giura
70%
491 36 115 Sarnen Obvaldo
65%
276 41 584 Stans Nidvaldo
63%
991 254 528 Frauenfeld Turgovia
60%
Nessun quiz corrispondente trovato
Distribuzione punteggi
Percentuale di utenti per punteggio
Percentile per numero di risposta
I tuoi punteggi nel tempo
Non hai fatto questo quiz